Developing Effective Research Proposals. (Record no. 274)

MARC details
005 - DATE AND TIME OF LATEST TRANSACTION
control field 20250619143708.0
020 ## - INTERNATIONAL STANDARD BOOK NUMBER
International Standard Book Number 978-1-4129-2126-8
082 ## - DEWEY DECIMAL CLASSIFICATION NUMBER
Classification number 300.72 PUN
100 ## - MAIN ENTRY--PERSONAL NAME
Author name PUNCH, K . F.
245 ## - TITLE STATEMENT
Title Developing Effective Research Proposals.
250 ## - EDITION STATEMENT
Edition statement 2nd Ed
260 ## - PUBLICATION, DISTRIBUTION, ETC.
Place of publication, distribution, etc. London,
Name of publisher, distributor, etc. Sage,
Date of publication, distribution, etc. 2006.
300 ## - PHYSICAL DESCRIPTION
Extent ix, 164p.: ill.; figure,
Other physical details Glossary, Index & References,
Dimensions 24cm.
942 ## - ADDED ENTRY ELEMENTS (KOHA)
Source of classification or shelving scheme Dewey Decimal Classification
Koha item type Books
Holdings
Date last seen Total checkouts Full call number Barcode Cost, replacement price Price effective from Koha item type Lost status Source of classification or shelving scheme Damaged status Not for loan Withdrawn status Home library Current library Shelving location Date acquired Cost, normal purchase price
03/10/2025   300.72 PUN 000000984 135000.00 03/10/2025 Books   Dewey Decimal Classification       College of Business Education Main Library College of Business Education Main Library General Collection 03/10/2025 45000.00
03/10/2025   300.72 PUN 000000985 135000.00 03/10/2025 Books   Dewey Decimal Classification       College of Business Education Main Library College of Business Education Main Library General Collection 03/10/2025 45000.00
03/10/2025   300.72 PUN 0000001049 135000.00 03/10/2025 Books   Dewey Decimal Classification       College of Business Education Main Library College of Business Education Main Library Special Reserve Collection 03/10/2025 45000.00
03/10/2025   300.72 PUN 0000001050 135000.00 03/10/2025 Books   Dewey Decimal Classification       College of Business Education Main Library College of Business Education Main Library Special Reserve Collection 03/10/2025 45000.00